Score 0/26 Timer 01:30
0 Plays Today
% Correct
America West Airlines
86.6%
Pacific Coast Airlines
84.3%
Arrow Air
82.1%
Mesa Airlines
80.6%
New York Airways
80.6%
Golden Gate Airlines
79.1%
Altair Airlines
77.6%
Coral Air
76.9%
Maxjet Airways
76.9%
Dynamic International Airways
74.6%
Skybus Airlines
74.6%
Aero Sun International
73.9%
PenAir
73.9%
% Correct
Aeroamerica
73.1%
Flash Airlines
70.9%
Ryan International Airlines
70.9%
Air Bahia
70.1%
Air Pennsylvania
70.1%
Eos Airlines
70.1%
Silver State Airlines
64.2%
Cochise Airlines
63.4%
Astec Air East
61.9%
Swift Aire Lines
61.2%
Tejas Airlines
57.5%
Partnair
53.7%
Will's Air
44.8%
Remove Ads.
Support Sporcle.
Get the best of Sporcle when you Go Orange. This ad-free experience offers more features, more stats, and more fun while also helping to support Sporcle. Thank you for becoming a member.

You're not logged in!

Compare scores with friends on all Sporcle quizzes.
OR
Log In

Show Comments

Extras

Top Quizzes Today


Score Distribution

Your Account Isn't Verified!

In order to create a playlist on Sporcle, you need to verify the email address you used during registration. Go to your Sporcle Settings to finish the process.

Report this User

Report this user for behavior that violates our Community Guidelines.

Details: